000 00351 a2200157 4500
001 12500
020 _a978885-755-287-2
040 _cAnchieta - Aquarius
100 _aMachado, Ana Maria
240 1 0 _aSenhora dos mares
_lpor
245 1 0 _aSenhora dos mares
300 _a
362 0 _a2012
650 4 _aLiteratura infanto-juvenil
942 _cBK
999 _c12500
_d12500